| 000 | 01004cab a2200181 4500 | ||
|---|---|---|---|
| 001 | ##ABS67944 | ||
| 008 | 040621n2004 000 0 eng u | ||
| 035 | _a(Sirsi) u126530 | ||
| 041 | 0 | _aeng | |
| 100 | 1 | _aBaker, C. | |
| 245 | 0 | 4 | _aThe devil in the detail |
| 260 | _c2004 | ||
| 490 | 0 |
_aAxis _v58(2)May/June 2004, 8(1) |
|
| 520 | _aConsiders why financial experts are warning that HM Treasury's proposed Property Investment Fund (PIF) is being set up to fail through over prescribed conditions, which are likely to be a turn-off for the property industry and investors alike. The PIF is designed to encourage pension funds and insurance companies to invest in house building and to make indirect investment in property as lucrative as direct involvement. The potential PIF market could be worth up to £25bn. Outlines HM Treasury's PIF consultation proposals (ISBN 1845320018). | ||
| 590 | _aABS | ||
| 690 | _aPROPERTY-PROPERTY FINANCE AND INVESTMENT-REAL ESTATE INVESTMENT TRUSTS | ||
| 942 | _n0 | ||
| 999 |
_c74431 _d74431 |
||